• 首页
  • 本馆介绍
  • 公告通知
  • 最新文献
  • 馆藏检索
  • 电子资源
  • 读者导购
  • 参考咨询
  • 我的图书馆
  • 登录
  • 详细信息显示
  • 放入我的书架
  • 预约/预借图书
  • 作者相关作品
  • 分类相关作品
  • 丛书相关作品
  • 出版社相关作品

书目信息

  • 表格格式
  • 工作单格式
  • 卡片格式
题名:
激光物理学
    
 
作者: 《激光物理学》编写组编
分册:  
出版信息: 上海   上海人民出版社  1975
页数: 316页
开本: 26cm
丛书名:
单 册:
中图分类: TN241
科图分类:
主题词: 激光理论
电子资源:
ISBN:
000 00519nam0 2200205 45
001 0175002224
005 20060731153712.01
010    @dCNY1.30
100    @a19951012d1975 em y0chiy0121 ea
101 0  @achi
102    @aCN@b310000
105    @ay z 000yy
200 10 @a激光物理学@Aji guang wu li xue@f《激光物理学》编写组编
210    @a上海@c上海人民出版社@d1975
215    @a316页@d26cm
606    @a激光理论
690    @aTN241@v3 
801  2 @aCN@bNLC@c20060731
801  0 @aCN@bTSSF
905    @a10447@dTN241@e60
    
    激光物理学/《激光物理学》编写组编.-上海:上海人民出版社,1975
    316页;26cm
    
    
    ISBN :CNY1.30
    
●
相关链接 在E读中查询图书 在五车中查询图书 在当当中查询图书 在豆瓣中查询图书


正题名:激光物理学     索取号:TN241/60         预约/预借

序号 登录号 条形码 馆藏地/架位号 状态 备注
1 0439173   204391737   密集书库/ [索取号:TN241/60] 在馆    
2 0439174   204391746   密集书库/ [索取号:TN241/60] 在馆    
唐山师范学院图书馆 欢迎您!
大连网信软件有限公司© 版权所有